00573pab a2200181 454500008004000000100002700040245005300067260000900120300001300129362001100142650003800153650002800191773003400219908000600253909001000259999001700269952010500286180718b2011 xxu||||| |||| 00| 0 eng d aRamachandaran, Shastri aHaren Pandya's murder: Questions without answers c2011 ap.10-12. a24 Dec aGujarat - Politics and government aPolitics and government aEconomic and Political Weekly aN a95481 c95481d95481 00104070aIIPAbIIPAd2018-07-19hVolume no: 46, Issue no: 52pAR95941r2018-07-19w2018-07-19yAR